00545nam a22001817a 450000500170000001000150001702000260003203500130005803700130007108200120008410000240009624500710012026000300019127000690022130000340029050000190032470000200034320160407151711.0 aENG-115024 a9788120350953c395.00 aEN-98556 bDBAD/PUB a621.382 aTomar, Geetam Singh aAnalog communication /cby Geetam Singh Tomar [and] Ashish Bagwari aDelhibPHI Learningc2016 aRimjhim House, 111, Patparganj Industrial Estate,bDelhie110092 axvii,413p. :c24cm(pbk)bill. aIncludes index aBagwari, Ashish